| 000 | 00561nam a22001937a 4500 | ||
|---|---|---|---|
| 003 | OSt | ||
| 005 | 20131210154308.0 | ||
| 008 | 130510s1996 sp ||||| |||| 00| 0 spa d | ||
| 020 | _a8449303443 | ||
| 040 |
_cCDMR _bcat |
||
| 100 | 1 |
_9379 _aMattelart, Armand |
|
| 245 | 1 | 0 |
_aHistoria de las teorías de la comunicación _cArmand y Michèle Mattelart |
| 260 |
_aBarcelona _bPaidós _c1997 |
||
| 300 | _a142 p. | ||
| 490 | 0 |
_aPaidós Comunicación _v91 |
|
| 650 | 0 | 4 |
_92085 _aComunicació _xTeoria _xHistòria |
| 700 | 1 |
_93403 _aMattelart, Michèle |
|
| 942 |
_2udc _cMON |
||
| 999 |
_c6220 _d6220 |
||